Statistiche per Vincitori Vuelta a España

Clicka qui per fare il quiz!

Statistiche generali

  • Questo quiz è stato fatto 3 volte
  • Il punteggio medio è 19 su 78

Statistiche sulle risposte

EdizioneNazioneVincitore% Corretto
2014SpagnaAlberto Contador
100%
2012SpagnaAlberto Contador
100%
2008SpagnaAlberto Contador
100%
2009SpagnaAlejandro Valverde
100%
2017Regno UnitoChris Froome
100%
2011Regno UnitoChris Froome
100%
1973BelgioEddy Merckx
100%
1968ItaliaFelice Gimondi
100%
2020SloveniaPrimož Roglič
100%
2019SloveniaPrimož Roglič
100%
2021SloveniaPrimož Roglič
100%
2022BelgioRemco Evenepoel
100%
2010ItaliaVincenzo Nibali
100%
2006KazakistanAleksandr Vinokurov
67%
2007RussiaDenis Men'šov
67%
2015ItaliaFabio Aru
67%
2016ColombiaNairo Quintana
67%
2023Stati UnitiSepp Kuss
67%
2018Regno UnitoSimon Yates
67%
1998SpagnaAbraham Olano
33%
1986SpagnaÁlvaro Pino
33%
1983FranciaBernard Hinault
33%
1978FranciaBernard Hinault
33%
2013Stati UnitiChris Horner
33%
1981ItaliaGiovanni Battaglin
33%
1963FranciaJacques Anquetil
33%
1975SpagnaAgustín Tamames
0%
2002SpagnaAitor González
0%
1997SvizzeraAlex Zülle
0%
1996SvizzeraAlex Zülle
0%
2001SpagnaÁngel Casero
0%
1961SpagnaAngelino Soler
0%
1956ItaliaAngelo Conterno
0%
1959SpagnaAntonio Suárez
0%
1948SpagnaBernardo Ruiz
0%
1946SpagnaDalmacio Langarica
0%
1945SpagnaDelio Rodríguez
0%
1947BelgioEdward Van Dijck
0%
1950SpagnaEmilio Rodríguez
0%
1984FranciaÉric Caritoux
0%
1980SpagnaFaustino Rupérez
0%
1971BelgioFerdinand Bracke
0%
1966SpagnaFrancisco Gabica
0%
1960BelgioFrans De Mulder
0%
1977BelgioFreddy Maertens
0%
1935BelgioGustaaf Deloor
0%
1936BelgioGustaaf Deloor
0%
1967Paesi BassiJan Janssen
0%
1955FranciaJean Dotto
0%
1958FranciaJean Stablinski
0%
1957SpagnaJesús Loroño
0%
1979Paesi BassiJoop Zoetemelk
0%
1974SpagnaJosé Manuel Fuente
0%
1972SpagnaJosé Manuel Fuente
0%
1976SpagnaJosé Pesarrodona
0%
1942SpagnaJulián Berrendero
0%
1941SpagnaJulián Berrendero
0%
1995FranciaLaurent Jalabert
0%
1987ColombiaLuis Herrera
0%
1970SpagnaLuis Ocaña
0%
1990ItaliaMarco Giovannetti
0%
1982SpagnaMarino Lejarreta
0%
1991SpagnaMelchor Mauri
0%
1999GermaniaOvest Jan Ullrich
0%
1965GermaniaOvest Rolf Wolfshohl
0%
1985SpagnaPedro Delgado
0%
1989SpagnaPedro Delgado
0%
1964FranciaRaymond Poulidor
0%
2005SpagnaRoberto Heras
0%
2004SpagnaRoberto Heras
0%
2003SpagnaRoberto Heras
0%
2000SpagnaRoberto Heras
0%
1969FranciaRoger Pingeon
0%
1962GermaniaRudi Altig
0%
1988IrlandaSean Kelly
0%
1993SvizzeraTony Rominger
0%
1994SvizzeraTony Rominger
0%
1992SvizzeraTony Rominger
0%

Distribuzione punteggi

Percentile per numero di risposta

Percentuale di utenti per punteggio

I tuoi punteggi nel tempo

Non hai fatto questo quiz